00771cam a22001937a 4500003000500000005001700005008004100022010001000063011001000073035001000083040000900093100003100102245019200133260004200325300003100367502011200398650004700510650002000557CHAP20220329142456.0010530d1999 mx a r 00110 spa d a84015 a84987 a95513 cCHAP00aDomínguez Morales, Eloy.13aEl desarrollo histórico de la agricultura en dos comunidades de la subregión alta de la sierra madre y sus perspectivas de desarrollo en el neoliberalismoc/por Eloy Dominguez Morales aHuehuetán, Chis.:bEl autor,c1999. a142 h. :bgráfs. ; ilus. aTesis (Ing. Agr. Tropical) -- Universidad Autónoma de Chiapas. Facultad de Ciencias Agrícolas Campus IV14aDesarrollo de la comunidad ruralzChiapas.14aNeoliberalismo.